Relación de la jornada de Omagua y El Dorado

Saved in:
Bibliografiske detaljer
Hovedforfatter: Almesto, Pedrarias de (Author)
Format: Bog
Sprog:spansk
Udgivet: Nueva York Instituto de Estudios Auriseculares 2012
Udgivelse:1a. ed
Serier:Colección Batihoja, 4
Fag:
Tags: Tilføj Tag
Ingen Tags, Vær først til at tagge denne postø!

MARC

LEADER 00000cam a2200000 a 4500
001 UCE3702
003 CL-VaPUC
008 140925e20120000us |||||||||||||||||spa|d
020 |a 9781938795886 
082 0 4 |a 986.101  |b ALM  |2 21 
100 0 |a Almesto, Pedrarias de  |e author  |9 576177 
245 1 0 |a Relación de la jornada de Omagua y El Dorado 
250 |a 1a. ed 
300 |a 154 p 
942 |c BK 
945 |d 20140925 17:45:00  |a dcastane 
260 |a Nueva York  |b Instituto de Estudios Auriseculares  |c 2012 
500 |a Estudio, edición y notas de Alvaro Baraibar 
650 0 |a Descubrimientos y exploraciones  |9 266189 
650 7 |a EL DORADO  |2 CL-VaPUC  |9 331063 
583 |a last modification  |c 20140925 17:45:00  |k Rodrigo Vera 
490 0 |a Colección Batihoja, 4 
999 |c 356872  |d 356870 
952 |0 0  |1 0  |3 erb  |4 0  |6 986_101000000000000_ALM_2012  |7 0  |8 A  |9 464630  |a BIBEDU  |b BIBEDU  |i 5110424  |o 986.101 ALM 2012  |p 5110424  |r 2019-11-23  |w 2019-11-23  |y BK  |z Catalogado en:20140925  |k EDU